Statystyki dla Państwa Afryki

Kliknij tutaj aby rozwiązać quiz!

Ogólne statystyki

  • Ten quiz został rozwiązany 13,379 razy
  • Średni wynik to 39 z 54

Statystyki odpowiedzi

Kraj % poprawnych
Egipt
98%
Republika
Południowej Afryki
97%
Madagaskar
96%
Demokratyczna
Republika Konga
93%
Maroko
93%
Algieria
93%
Niger
91%
Kongo
89%
Nigeria
89%
Sudan
88%
Tunezja
87%
Libia
87%
Etiopia
86%
Czad
83%
Somalia
82%
Sudan Południowy
81%
Wybrzeże Kości
Słoniowej
80%
Kenia
80%
Senegal
79%
Mali
76%
Angola
76%
Gwinea
75%
Zimbabwe
74%
Zambia
73%
Republika
Środkowoafrykańska
72%
Erytrea
71%
Tanzania
70%
Lesotho
69%
Mauretania
69%
Uganda
68%
Ghana
68%
Mozambik
68%
Gwinea
Równikowa
67%
Kamerun
66%
Togo
65%
Republika
Zielonego Przylądka
64%
Liberia
62%
Seszele
61%
Gabon
61%
Botswana
61%
Namibia
60%
Gwinea Bissau
60%
Rwanda
59%
Gambia
58%
Burkina Faso
56%
Dżibuti
55%
Wyspy Świętego
Tomasza i Książeca
52%
Mauritius
52%
Sierra Leone
51%
Benin
51%
Komory
50%
Eswatini
50%
Burundi
47%
Malawi
46%

Rozkład punktacji

Percentyl według liczby udzielonych odpowiedzi

Procent ludzi z każdym wynikiem

Twoja historia wyników

Nie rozwiązałeś tego quizu